[Event "WY U-16 Chess Olympiad 2019"]
[Site "Corum"]
[Date "2019.11.03"]
[Round "7"]
[White "Moazaz, Dhahir Habeeb"]
[Black "Singh, Eshwant"]
[Result "1-0"]
[WhiteElo "2087"]
[BlackElo "1910"]
[Annotator "NA"]
[PlyCount "87"]
[EventDate "2019.10.28"]
[EventType "team-tourn"]
[EventCountry "TUR"]
[SourceTitle "playchess.com"]
[Source "ChessBase"]
[SourceQuality "1"]

1. c4 Nf6 2. g3 g6 3. Bg2 Bg7 4. Nc3 O-O 5. d4 d6 6. e3 Nc6 7. Nge2 e5 8. d5 Ne7 9. O-O Nd7 10. a3 f5 11. e4 a5 12. f3 Nf6 13. Rb1 c6 14. b4 fxe4 15. fxe4 cxd5 16. exd5 Bf5 17. Rb2 Bg4 18. h3 Bxe2 19. Nxe2 Nf5 20. c5 axb4 21. axb4 Rc8 22. c6 bxc6 23. dxc6 d5 24. b5 e4 25. Qb3 Kh8 26. Rd1 Qb6+ 27. Kh2 d4 28. g4 Nh4 29. Nxd4 Nxg4+ 30. hxg4 Bxd4 31. Rxd4 Qxd4 32. Re2 Qd6+ 33. Kh1 h5 34. Rd2 Qf4 35. Bb2+ Kh7 36. Rd7+ Kh6 37. Bg7+ Kg5 38. Rd5+ Nf5 39. gxf5 Rxf5 40. Rxf5+ gxf5 41. Qc3 Qh4+ 42. Kg1 Kg6 43. Be5 Rd8 44. Qg3+ 1-0

[Event "WY U-16 Chess Olympiad 2019"]
[Site "Corum"]
[Date "2019.11.03"]
[Round "7"]
[White "Mai, Alexander Oliver"]
[Black "Santos, Jose Guilherme B Lim"]
[Result "0-1"]
[WhiteElo "2085"]
[BlackElo "2183"]
[Annotator "ChessBase"]
[PlyCount "102"]
[EventDate "2019.10.28"]
[EventType "team-tourn"]
[EventCountry "TUR"]
[SourceTitle "playchess.com"]
[Source "ChessBase"]
[SourceQuality "1"]

1. Nf3 Nf6 2. g3 g6 3. Bg2 Bg7 4. O-O O-O 5. c4 c5 6. Nc3 d6 7. a3 Nc6 8. Rb1 Bd7 9. Ne1 Ne5 10. d3 Bc6 11. e4 Ned7 12. Nc2 Rc8 13. Be3 b6 14. h3 Ne8 15. Qd2 Ba8 16. b3 e5 17. Nd5 Bxd5 18. cxd5 b5 19. f4 exf4 20. Bxf4 Qb6 21. Kh2 Be5 22. Bh6 Ng7 23. b4 a6 24. Rbd1 c4 25. d4 Bf6 26. Be3 Qd8 27. Qf2 Nh5 28. Bf3 Ng7 29. Bg4 Be7 30. Bh6 Rc7 31. Bxd7 Rxd7 32. Qf4 f5 33. Ne3 fxe4 34. Qxe4 Bf6 35. Ng4 Re7 36. Qf3 Ref7 37. Qe3 Be7 38. Rxf7 Rxf7 39. Bf4 Rf8 40. Nh6+ Kh8 41. Re1 Bf6 42. g4 Qd7 43. Qg3 Bxd4 44. Re4 Bb6 45. Qc3 Re8 46. Rxe8+ Qxe8 47. Kg3 Qe7 48. Bxd6 Qxd6+ 49. Kh4 Bd8+ 50. g5 Qf4+ 51. Ng4 Bxg5# 0-1

[Event "WY U-16 Chess Olympiad 2019"]
[Site "Corum"]
[Date "2019.11.03"]
[Round "7"]
[White "Jordanov Mihail"]
[Black "Mirlan uulu, Syimyk"]
[Result "1/2-1/2"]
[WhiteElo "2080"]
[BlackElo "1899"]
[Annotator "NA"]
[PlyCount "125"]
[EventDate "2019.10.28"]
[EventType "team-tourn"]
[EventCountry "TUR"]
[SourceTitle "playchess.com"]
[Source "ChessBase"]
[SourceQuality "1"]

1. e4 e6 2. d4 d5 3. Nd2 Nc6 4. Ngf3 g5 5. Bb5 Bd6 6. exd5 exd5 7. Qe2+ Be6 8. Ne5 Bxe5 9. Qxe5 Qf6 10. Qxc7 Qe7 11. Qxe7+ Ngxe7 12. Nb3 h6 13. O-O O-O-O 14. Bd3 Nb4 15. Nc5 Nxd3 16. Nxd3 Nf5 17. c3 Nd6 18. Be3 f6 19. b3 b6 20. a4 Kb7 21. f3 Rc8 22. Rac1 Rhe8 23. Rfe1 Bf7 24. Bf2 Rxe1+ 25. Bxe1 Re8 26. Kf2 h5 27. Bd2 a5 28. Nb2 Nf5 29. Re1 Rxe1 30. Bxe1 Nd6 31. Ke2 Kc6 32. h4 Bg6 33. hxg5 fxg5 34. Nd3 Kb7 35. Ne5 Bc2 36. Bd2 Bxb3 37. Bxg5 Bxa4 38. Nd3 Be8 39. Bc1 Nc4 40. Ne5 Bb5 41. Nxc4 Bxc4+ 42. Ke3 Kc6 43. Ba3 Kd7 44. Kf4 Bf1 45. g3 Be2 46. g4 hxg4 47. fxg4 Ke6 48. g5 Bd3 49. Kg4 Bg6 50. Kf4 b5 51. Bc5 a4 52. Ba3 Bh5 53. Bc1 Bg6 54. Kg4 Be8 55. Kf4 Bg6 56. Ke3 Kf5 57. Kf3 a3 58. Bxa3 Kxg5 59. Ke3 Bc2 60. Kd2 Bb3 61. Kc1 Kf5 62. Kb2 Bc4 63. Bb4 1/2-1/2

[Event "WY U-16 Chess Olympiad 2019"]
[Site "Corum"]
[Date "2019.11.03"]
[Round "7"]
[White "Omonova, Umida"]
[Black "Nurgali, Nazerke"]
[Result "0-1"]
[WhiteElo "2078"]
[BlackElo "2194"]
[Annotator "ChessBase"]
[PlyCount "158"]
[EventDate "2019.10.28"]
[EventType "team-tourn"]
[EventCountry "TUR"]
[SourceTitle "playchess.com"]
[Source "ChessBase"]
[SourceQuality "1"]

1. e4 c6 2. d4 d5 3. Nd2 dxe4 4. Nxe4 Nf6 5. Nxf6+ exf6 6. c3 Bd6 7. Bd3 O-O 8. Qc2 h6 9. Ne2 Qc7 10. Be3 Re8 11. h3 Nd7 12. O-O Nf8 13. Rfe1 Be6 14. Rad1 Rad8 15. a3 Qb8 16. c4 Bc7 17. b4 a6 18. Nc3 Qc8 19. f4 f5 20. Qf2 Ng6 21. a4 Bd6 22. Rb1 a5 23. b5 Be7 24. Rec1 Bf6 25. Ne2 Qd7 26. Rd1 Qe7 27. Bd2 Ra8 28. Nc3 Red8 29. Be3 Rac8 30. bxc6 bxc6 31. Rb3 Qd6 32. Ne2 Rb8 33. Rdb1 Rxb3 34. Rxb3 Rb8 35. Nc1 Rxb3 36. Nxb3 Qb4 37. Nc5 Qc3 38. d5 cxd5 39. cxd5 Bxd5 40. Bxf5 Ne7 41. Bc2 Nc6 42. Ne4 Bxe4 43. Bxe4 Bd4 44. Bxd4 Nxd4 45. Kh2 Qa1 46. Qh4 Ne6 47. Bd5 Qxa4 48. Bxe6 fxe6 49. Qd8+ Kf7 50. Qc7+ Kg6 51. Qe5 Qa2 52. Qe4+ Kf7 53. f5 Qd5 54. fxe6+ Qxe6 55. Qd4 Qf5 56. Qc4+ Kg6 57. g4 Qf2+ 58. Kh1 Qe1+ 59. Kg2 Qd2+ 60. Kg3 Qd6+ 61. Kg2 Qe5 62. Qd3+ Kf6 63. Qd8+ Ke6 64. Qb6+ Kd7 65. Qb7+ Qc7 66. Qd5+ Ke7 67. Qe4+ Kd6 68. Qd4+ Kc6 69. Qc3+ Kb7 70. Qb2+ Kc8 71. Qe2 Qc6+ 72. Kg3 a4 73. Qf2 Qd6+ 74. Kg2 a3 75. Qc2+ Kd8 76. Qa4 Qd5+ 77. Kg3 a2 78. Kf2 Qd2+ 79. Kg3 Qc3+ 0-1

[Event "WY U-16 Chess Olympiad 2019"]
[Site "Corum"]
[Date "2019.11.03"]
[Round "7"]
[White "Pobor, Milo"]
[Black "Stremavicius, Pijus"]
[Result "1/2-1/2"]
[WhiteElo "2064"]
[BlackElo "2230"]
[Annotator "ChessBase"]
[PlyCount "91"]
[EventDate "2019.10.28"]
[EventType "team-tourn"]
[EventCountry "TUR"]
[SourceTitle "playchess.com"]
[Source "ChessBase"]
[SourceQuality "1"]

1. e4 d6 2. d4 Nf6 3. Nc3 g6 4. f3 c6 5. Be3 Nbd7 6. Nh3 b5 7. Qd2 b4 8. Nd1 a5 9. Nhf2 Bg7 10. Bd3 Bb7 11. c3 bxc3 12. Nxc3 O-O 13. O-O c5 14. Rac1 Rc8 15. Rfd1 cxd4 16. Bxd4 Ne5 17. Bf1 Nc4 18. Bxc4 Rxc4 19. Qe3 Qa8 20. b3 Rc6 21. Bxf6 Bxf6 22. Nd5 Bh4 23. g3 Rxc1 24. Rxc1 Bxd5 25. exd5 Bf6 26. Qe4 h5 27. Rc6 Qa7 28. Kg2 Rb8 29. Nd3 Kg7 30. Nf4 Rb4 31. Rc4 Rxc4 32. Qxc4 Qe3 33. Qd3 Qc1 34. Ne2 Qe1 35. h4 Be5 36. f4 Bf6 37. f5 Be5 38. fxg6 fxg6 39. Nd4 Bxd4 40. Qxd4+ Kh7 41. Qf2 Qe4+ 42. Qf3 Qc2+ 43. Qf2 Qe4+ 44. Qf3 Qc2+ 45. Qf2 Qe4+ 46. Qf3 1/2-1/2

[Event "WY U-16 Chess Olympiad 2019"]
[Site "Corum"]
[Date "2019.11.03"]
[Round "7"]
[White "Zhang, Xiao"]
[Black "Mosesov, Danylo"]
[Result "1-0"]
[WhiteElo "2053"]
[BlackElo "2290"]
[Annotator "ChessBase"]
[PlyCount "121"]
[EventDate "2019.10.28"]
[EventType "team-tourn"]
[EventCountry "TUR"]
[SourceTitle "playchess.com"]
[Source "ChessBase"]
[SourceQuality "1"]

1. d4 Nf6 2. c4 e6 3. g3 c5 4. Nf3 Qa5+ 5. Nc3 Ne4 6. Bd2 Nxd2 7. Qxd2 cxd4 8. Nxd4 Nc6 9. Bg2 Ne5 10. b3 Bb4 11. Rc1 O-O 12. O-O a6 13. Rfd1 Ng6 14. Qd3 Be7 15. Nc2 d6 16. Ne3 Rb8 17. Qb1 Qc7 18. h4 f5 19. Nf1 Ne5 20. e3 b6 21. Nh2 Bb7 22. Bxb7 Qxb7 23. Qc2 Rf6 24. f4 Nf3+ 25. Nxf3 Qxf3 26. Qf2 Qg4 27. Ne2 Rg6 28. Kf1 Rd8 29. Ke1 d5 30. Rd3 Ba3 31. Rcd1 Rc8 32. Qg2 Bb4+ 33. Kf2 h6 34. Qf3 Qxf3+ 35. Kxf3 Rf6 36. cxd5 exd5 37. Rxd5 Rc2 38. Nd4 Rc5 39. Rxc5 Bxc5 40. h5 Kf7 41. Nc2 a5 42. g4 fxg4+ 43. Kxg4 Re6 44. Kf3 Re7 45. e4 Rc7 46. e5 b5 47. Ke4 b4 48. Rd5 a4 49. bxa4 Bf8 50. Ne3 Rc3 51. Rd7+ Ke8 52. Rb7 Ra3 53. Nd5 Rxa4 54. e6 Bd6 55. Rxg7 b3+ 56. Kf3 bxa2 57. Rg8+ Bf8 58. e7 a1=Q 59. exf8=Q+ Kd7 60. Rg7+ Kc6 61. Rc7+ 1-0

[Event "WY U-16 Chess Olympiad 2019"]
[Site "Corum"]
[Date "2019.11.03"]
[Round "7"]
[White "Taspinar, Yanki"]
[Black "Lashkin, Jegor"]
[Result "0-1"]
[WhiteElo "2010"]
[BlackElo "2304"]
[Annotator "TA RC"]
[PlyCount "98"]
[EventDate "2019.10.28"]
[EventType "team-tourn"]
[EventCountry "TUR"]
[SourceTitle "playchess.com"]
[Source "ChessBase"]
[SourceQuality "1"]

1. e4 c5 2. Nf3 d6 3. d4 cxd4 4. Nxd4 Nf6 5. Nc3 a6 6. Be3 e5 7. Nb3 Be6 8. f3 Be7 9. Qd2 O-O 10. O-O-O Nbd7 11. g4 b5 12. g5 b4 13. Ne2 Ne8 14. f4 a5 15. f5 a4 16. Nbd4 exd4 17. Nxd4 b3 18. Kb1 bxc2+ 19. Nxc2 Bb3 20. axb3 axb3 21. Na3 Ne5 22. h4 Ra4 23. h5 Qa8 24. Bb5 Qxe4+ 25. Ka1 Rxa3+ 26. bxa3 Nc7 27. Bd3 Qa8 28. Kb2 d5 29. Ra1 Nc4+ 30. Bxc4 dxc4 31. f6 Rd8 32. Qf2 c3+ 33. Kxb3 Qd5+ 34. Kc2 Qe4+ 35. Kb3 Rb8+ 36. Bb6 Qe6+ 37. Kxc3 Rxb6 38. Qxb6 Nd5+ 39. Kd3 Qxb6 40. fxe7 Qe3+ 41. Kc4 Qe4+ 42. Kc5 Nxe7 43. Rad1 Qc6+ 44. Kd4 Nf5+ 45. Kd3 Qf3+ 46. Kd2 Qe3+ 47. Kc2 Nd4+ 48. Rxd4 Qxd4 49. Rd1 Qa4+ 0-1

[Event "WY U-16 Chess Olympiad 2019"]
[Site "Corum"]
[Date "2019.11.03"]
[Round "7"]
[White "Juhasz, Judit"]
[Black "Shohradowa, Lala"]
[Result "1-0"]
[WhiteElo "2004"]
[BlackElo "2024"]
[Annotator "NA"]
[PlyCount "118"]
[EventDate "2019.10.28"]
[EventType "team-tourn"]
[EventCountry "TUR"]
[SourceTitle "playchess.com"]
[Source "ChessBase"]
[SourceQuality "1"]

1. e4 e6 2. d4 d5 3. Nd2 Nf6 4. e5 Nfd7 5. Bd3 c5 6. c3 Nc6 7. Ne2 cxd4 8. cxd4 f6 9. exf6 Nxf6 10. O-O Bd6 11. Nf3 O-O 12. Bf4 Bxf4 13. Nxf4 Ne4 14. Qc1 Ng5 15. Nxg5 Qxg5 16. Ne2 Qxc1 17. Raxc1 a6 18. Bb1 Bd7 19. Rcd1 Rac8 20. g3 e5 21. Kg2 e4 22. h3 Ne7 23. Rd2 Rf6 24. Ng1 Nf5 25. Re1 Nd6 26. Bc2 Nc4 27. Rde2 Bb5 28. Bb3 Kf8 29. f3 Na5 30. Rc2 Rd8 31. Rc3 Nxb3 32. axb3 Bd3 33. Kf2 Rb6 34. h4 Rb4 35. Ke3 Re8 36. Rec1 Bb5 37. f4 Re6 38. Rc8+ Be8 39. R1c3 Reb6 40. Rd8 Rxb3 41. Rxd5 Rxb2 42. Rf5+ Rf6 43. Re5 Rc6 44. Rxc6 Bxc6 45. d5 Bb5 46. Kxe4 a5 47. Nf3 a4 48. Kd4 a3 49. Re1 a2 50. Ra1 Ke7 51. Ng5 Ba4 52. Ne4 Rb4+ 53. Ke5 Bc2 54. d6+ Kd7 55. Nc5+ Kc6 56. Rxa2 Rc4 57. Ne6 Re4+ 58. Kf5 Rc4+ 59. Rxc2 Kd5 1-0

[Event "WY U-16 Chess Olympiad 2019"]
[Site "Corum"]
[Date "2019.11.03"]
[Round "7"]
[White "Acimovic, Sergej"]
[Black "Kusa, Jakub"]
[Result "1-0"]
[WhiteElo "1998"]
[BlackElo "2156"]
[Annotator "ChessBase"]
[PlyCount "55"]
[EventDate "2019.10.28"]
[EventType "team-tourn"]
[EventCountry "TUR"]
[SourceTitle "playchess.com"]
[Source "ChessBase"]
[SourceQuality "1"]

1. d4 d5 2. c4 e6 3. Nc3 Nf6 4. Bg5 Be7 5. e3 Nbd7 6. Nf3 h6 7. Bh4 O-O 8. Rc1 c5 9. dxc5 g5 10. cxd5 exd5 11. Bg3 Nxc5 12. Be2 Be6 13. O-O Rc8 14. Nd4 Nfe4 15. Bf3 Qb6 16. Nxd5 Bxd5 17. Nf5 Qf6 18. Qxd5 Nxg3 19. hxg3 Rfd8 20. Nxe7+ Qxe7 21. Qf5 b6 22. b4 Ne6 23. Be4 Kf8 24. a3 Rxc1 25. Rxc1 Re8 26. Bf3 Rd8 27. Rc6 Rd6 28. Qe5 1-0

[Event "WY U-16 Chess Olympiad 2019"]
[Site "Corum"]
[Date "2019.11.03"]
[Round "7"]
[White "Celik, Hasan Huseyin"]
[Black "Vorobiov, Vlad"]
[Result "1-0"]
[WhiteElo "1998"]
[BlackElo "2029"]
[Annotator "NA"]
[PlyCount "77"]
[EventDate "2019.10.28"]
[EventType "team-tourn"]
[EventCountry "TUR"]
[SourceTitle "playchess.com"]
[Source "ChessBase"]
[SourceQuality "1"]

1. d4 Nf6 2. c4 g6 3. Nc3 Bg7 4. e4 d6 5. f3 O-O 6. Be3 c5 7. dxc5 dxc5 8. Qxd8 Rxd8 9. Bxc5 Nc6 10. Nd5 Nxd5 11. cxd5 Bxb2 12. Rd1 b6 13. Be3 Nb4 14. Kf2 Nc2 15. Bf4 Bd7 16. Ba6 f6 17. Ne2 Be5 18. Bxe5 fxe5 19. Rb1 e6 20. Rhc1 Nd4 21. Nxd4 exd4 22. Rd1 e5 23. Rdc1 Bc8 24. Bb5 Bd7 25. Bxd7 Rxd7 26. Rc6 Re8 27. Ke2 Kf7 28. Kd3 Ree7 29. Rbc1 g5 30. g3 Re8 31. Rc7 Ke7 32. f4 gxf4 33. gxf4 exf4 34. Kxd4 Rf8 35. e5 f3 36. Rxd7+ Kxd7 37. e6+ Kd6 38. Rc6+ Ke7 39. Ke5 1-0

[Event "WY U-16 Chess Olympiad 2019"]
[Site "Corum"]
[Date "2019.11.03"]
[Round "7"]
[White "Lee, Care Greene"]
[Black "Deng Jing Xin Crystal"]
[Result "1-0"]
[WhiteElo "1950"]
[BlackElo "1944"]
[Annotator "NA"]
[PlyCount "77"]
[EventDate "2019.10.28"]
[EventType "team-tourn"]
[EventCountry "TUR"]
[SourceTitle "playchess.com"]
[Source "ChessBase"]
[SourceQuality "1"]

1. e4 c5 2. Nf3 Nc6 3. Bb5 g6 4. Bxc6 dxc6 5. d3 Bg7 6. h3 Nf6 7. Nc3 Nd7 8. Be3 e5 9. Qd2 h6 10. O-O b6 11. Nh2 Nf8 12. a4 Ne6 13. a5 Rb8 14. axb6 axb6 15. f4 exf4 16. Bxf4 Nxf4 17. Qxf4 Rb7 18. Nf3 Be6 19. e5 O-O 20. Ne4 g5 21. Qe3 Rc7 22. Ra6 Rc8 23. b4 cxb4 24. Rxb6 Qe7 25. Nd6 Rc7 26. Rxb4 f5 27. exf6 Bxf6 28. Re4 Qxd6 29. Rxe6 Qd5 30. Qe4 Qxe4 31. Rxe4 Re7 32. Re6 c5 33. Rc6 Bd4+ 34. Nxd4 cxd4 35. Rxh6 Kg7 36. Rd6 Rc8 37. Rxd4 Rxc2 38. Rd6 Rd2 39. d4 1-0

[Event "WY U-16 Chess Olympiad 2019"]
[Site "Corum"]
[Date "2019.11.03"]
[Round "7"]
[White "Pipiras, Filipa Fortuna"]
[Black "Haile, Batel Goitom"]
[Result "0-1"]
[WhiteElo "1939"]
[BlackElo "1474"]
[Annotator "NA"]
[PlyCount "79"]
[EventDate "2019.10.28"]
[EventType "team-tourn"]
[EventCountry "TUR"]
[SourceTitle "playchess.com"]
[Source "ChessBase"]
[SourceQuality "1"]

1. d4 Nf6 2. c4 g6 3. Nc3 Bg7 4. e4 d6 5. Be2 O-O 6. Be3 e5 7. d5 Na6 8. g4 Nc5 9. f3 h5 10. g5 Nh7 11. h4 f6 12. gxf6 Bxf6 13. Bf2 a5 14. Kd2 c6 15. Kc2 a4 16. Qe1 Bg7 17. Nh3 Bd7 18. Qg1 Qf6 19. Rd1 Rfd8 20. Be3 a3 21. b3 Na6 22. Ng5 Nb4+ 23. Kb1 Rdc8 24. Nxh7 Kxh7 25. Bg5 Qf8 26. Qe3 c5 27. Rdg1 Bf6 28. Rg3 Qe7 29. Rhg1 Rg8 30. Qf2 Raf8 31. Qg2 Qf7 32. Qh1 Bxg5 33. Rxg5 Qf4 34. Rd1 Qe3 35. Qe1 Qf4 36. Qf2 Bg4 37. Nb5 Qxe4+ 38. fxe4 Rxf2 39. Bxg4 Rb2+ 40. Kc1 0-1

[Event "WY U-16 Chess Olympiad 2019"]
[Site "Corum"]
[Date "2019.11.03"]
[Round "7"]
[White "Baranciuc, Alexandr"]
[Black "Buyuk, Ecrin Efsa"]
[Result "1/2-1/2"]
[WhiteElo "1923"]
[BlackElo "1747"]
[Annotator "NA RC"]
[PlyCount "272"]
[EventDate "2019.10.28"]
[EventType "team-tourn"]
[EventCountry "TUR"]
[SourceTitle "playchess.com"]
[Source "ChessBase"]
[SourceQuality "1"]

1. e4 c6 2. d4 d5 3. Nc3 dxe4 4. Nxe4 Bf5 5. Ng3 Bg6 6. Nh3 Nf6 7. c3 Nbd7 8. Bc4 e6 9. Nf4 Qc7 10. Qf3 O-O-O 11. Nxg6 hxg6 12. Bg5 Be7 13. O-O-O Rde8 14. h4 Nb6 15. Bb3 Nfd5 16. Ne4 Bxg5+ 17. Nxg5 Nf6 18. g3 Qe7 19. Rhe1 Qd7 20. a3 Kb8 21. Kb1 Nc8 22. Qf4+ Ka8 23. Nf3 Nb6 24. Ne5 Qe7 25. Qf3 Rc8 26. c4 Nbd7 27. Nd3 Qd6 28. Ne5 Qe7 29. Re2 Rcd8 30. Nd3 Nb6 31. Qf4 Qd7 32. Ne5 Qe7 33. c5 Nbd5 34. Bxd5 Rxd5 35. Nc4 Rhd8 36. Nd6 Rd7 37. Rdd2 Ne8 38. Nc4 Nf6 39. g4 Rd8 40. Nd6 Rd7 41. g5 Ne8 42. Nc4 Rf5 43. Qe4 Rfd5 44. Ne3 Nc7 45. Nxd5 Rxd5 46. Re3 Qd7 47. Qf4 Nb5 48. Red3 e5 49. Qe4 Nxd4 50. f4 Qg4 51. Ka2 a6 52. Re3 Nf5 53. Red3 Nd4 54. Qe3 Nf5 55. Qf2 Rxd3 56. Rxd3 Qxf4 57. Qxf4 exf4 58. Rf3 Nxh4 59. Rxf4 Nf5 60. Re4 Ka7 61. Re8 Nh4 62. Re7 Nf3 63. Rxf7 Nxg5 64. Re7 a5 65. Kb3 Ka6 66. Kc4 Nf3 67. a4 g5 68. Rxg7 g4 69. Kc3 Nh2 70. b3 Ka7 71. Kd3 Nf3 72. Kc3 Nh2 73. Kc2 Ka6 74. Kd1 Ka7 75. Ke2 Ka6 76. Rg8 Ka7 77. Kf2 Nf3 78. Rxg4 Nd2 79. Ke3 Nxb3 80. Rc4 b6 81. cxb6+ Kxb6 82. Kd3 Nc5+ 83. Kd4 Nd7 84. Rc2 Kc7 85. Ke4 Nb6 86. Rc5 Nxa4 87. Rxa5 Nc3+ 88. Kd4 Nb5+ 89. Kc5 Kb7 90. Ra4 Nc3 91. Rb4+ Kc7 92. Rh4 Kd7 93. Rh7+ Ke6 94. Kxc6 Ne4 95. Rh4 Ke5 96. Rh5+ Kf4 97. Ra5 Nc3 98. Kc5 Ne4+ 99. Kd4 Ng3 100. Ra4 Nf5+ 101. Kd5+ Kg5 102. Ke5 Ne7 103. Kd6 Nf5+ 104. Ke5 Ne7 105. Ke6 Ng6 106. Ra5+ Kg4 107. Kf6 Nf4 108. Ra4 Kf3 109. Kf5 Nd3 110. Re4 Nf2 111. Re1 Nd3 112. Rh1 Ke3 113. Rh4 Nf2 114. Ke5 Nd3+ 115. Kd5 Nf4+ 116. Kc4 Ke4 117. Rh8 Ke5 118. Rh6 Ne6 119. Rh1 Nf4 120. Rf1 Ne6 121. Re1+ Kd6 122. Re2 Nf4 123. Re3 Ne6 124. Re4 Nc7 125. Rh4 Ke5 126. Rh5+ Ke4 127. Rh6 Ke5 128. Kc5 Ne6+ 129. Kc4 Nc7 130. Rh1 Ne6 131. Re1+ Kd6 132. Kb5 Kd5 133. Rd1+ Ke5 134. Kc6 Nd4+ 135. Kd7 Kd5 136. Kc7 Kc5 1/2-1/2

[Event "WY U-16 Chess Olympiad 2019"]
[Site "Corum"]
[Date "2019.11.03"]
[Round "7"]
[White "Aydin, Gulenay"]
[Black "Pheephacharakan, Pinatpong"]
[Result "1-0"]
[WhiteElo "1918"]
[BlackElo "1785"]
[Annotator "NA"]
[PlyCount "65"]
[EventDate "2019.10.28"]
[EventType "team-tourn"]
[EventCountry "TUR"]
[SourceTitle "playchess.com"]
[Source "ChessBase"]
[SourceQuality "1"]

1. e4 e6 2. d4 d5 3. Nd2 Be7 4. Ngf3 Nf6 5. e5 Nfd7 6. c3 c5 7. Bd3 b6 8. O-O Ba6 9. Bxa6 Nxa6 10. Qe2 Nc7 11. Re1 h6 12. Nf1 c4 13. Ng3 b5 14. Nd2 Nb6 15. f4 g6 16. b3 Kd7 17. a4 a6 18. Ba3 Bxa3 19. Rxa3 Qe7 20. Raa1 Rhb8 21. Reb1 cxb3 22. axb5 Nxb5 23. Rxb3 Rc8 24. Rxa6 Nxc3 25. Rxc3 Rxc3 26. Qb5+ Kc8 27. Rxb6 Qc7 28. Nb3 Qc4 29. Qe8+ Kc7 30. Qxa8 Kxb6 31. Qb8+ Ka6 32. Nc5+ Ka5 33. Qa7+ 1-0

[Event "WY U-16 Chess Olympiad 2019"]
[Site "Corum"]
[Date "2019.11.03"]
[Round "7"]
[White "Halynyazow, Vepaly"]
[Black "Gombocz, Ferenc Jr."]
[Result "1-0"]
[WhiteElo "1903"]
[BlackElo "2200"]
[Annotator "ChessBase"]
[PlyCount "79"]
[EventDate "2019.10.28"]
[EventType "team-tourn"]
[EventCountry "TUR"]
[SourceTitle "playchess.com"]
[Source "ChessBase"]
[SourceQuality "1"]

1. d4 d5 2. c4 c6 3. Nf3 Nf6 4. cxd5 cxd5 5. Nc3 Nc6 6. Bf4 a6 7. e3 e6 8. Bd3 Bd6 9. Bg5 O-O 10. O-O h6 11. Bh4 Be7 12. Rc1 Nh7 13. Bg3 f5 14. Na4 g5 15. Ne5 Nxe5 16. Bxe5 Bd6 17. Qh5 Bxe5 18. dxe5 Kg7 19. Rc2 b6 20. Rc6 Bd7 21. Rd6 Rb8 22. g4 Qe7 23. gxf5 Be8 24. Qh3 g4 25. Qxg4+ Kh8 26. Rxe6 Qd7 27. Rxe8 Rbxe8 28. e6 Qc7 29. Qd4+ Nf6 30. Kh1 b5 31. Nc3 Qd8 32. Ne2 Kh7 33. Nf4 Rg8 34. Nh5 Ref8 35. Qa7+ Nd7 36. f6+ Kh8 37. Qxd7 Qxd7 38. exd7 Rd8 39. Nf4 Rg4 40. Ng6+ 1-0

[Event "WY U-16 Chess Olympiad 2019"]
[Site "Corum"]
[Date "2019.11.03"]
[Round "7"]
[White "Ozbek, Busra"]
[Black "Ivanovic, Marko"]
[Result "0-1"]
[WhiteElo "1903"]
[BlackElo "2269"]
[Annotator "ChessBase"]
[PlyCount "70"]
[EventDate "2019.10.28"]
[EventType "team-tourn"]
[EventCountry "TUR"]
[SourceTitle "playchess.com"]
[Source "ChessBase"]
[SourceQuality "1"]

1. d4 Nf6 2. c4 g6 3. f3 Bg7 4. e4 O-O 5. Ne2 d6 6. Be3 e5 7. Qd2 Nbd7 8. Nbc3 c6 9. d5 cxd5 10. cxd5 a6 11. g4 b5 12. Ng3 Nc5 13. b4 Ncd7 14. h4 Nb6 15. h5 Ne8 16. Qh2 g5 17. h6 Bf6 18. Qf2 Rb8 19. Nf5 Bxf5 20. gxf5 Kh8 21. Rg1 Rg8 22. Qd2 Nc7 23. Rc1 Nca8 24. Bd3 Be7 25. Kf2 f6 26. a4 Nc4 27. Bxc4 bxc4 28. Na2 Qf8 29. Rxc4 Qxh6 30. Kg2 Qg7 31. Rc6 Qf7 32. Rxa6 g4 33. f4 Rgc8 34. Rc6 Rxc6 35. dxc6 Qc4 0-1

[Event "WY U-16 Chess Olympiad 2019"]
[Site "Corum"]
[Date "2019.11.03"]
[Round "7"]
[White "Celik, Eylul"]
[Black "Chuemsakul, Sarocha"]
[Result "1-0"]
[WhiteElo "1896"]
[BlackElo "1645"]
[Annotator "NA"]
[PlyCount "65"]
[EventDate "2019.10.28"]
[EventType "team-tourn"]
[EventCountry "TUR"]
[SourceTitle "playchess.com"]
[Source "ChessBase"]
[SourceQuality "1"]

1. d4 Nf6 2. c4 c5 3. d5 b5 4. cxb5 a6 5. b6 d6 6. Nc3 Nbd7 7. Nf3 g6 8. e4 Bg7 9. Be2 O-O 10. Nd2 Nxb6 11. O-O a5 12. a4 Ba6 13. Bxa6 Rxa6 14. Qe2 Qc8 15. Nc4 Nfd7 16. f4 Nxc4 17. Qxc4 Rb6 18. Nb5 Rb8 19. Na7 Qc7 20. Nc6 Nb6 21. Qc2 Ra8 22. Bd2 e6 23. Bxa5 exd5 24. exd5 Rxa5 25. Nxa5 c4 26. b4 Nxd5 27. Qxc4 Qb6+ 28. Kh1 Ne3 29. Qe4 d5 30. Qe7 Bxa1 31. Rxa1 Rb8 32. Nc6 Ng4 33. Qc5 1-0

[Event "WY U-16 Chess Olympiad 2019"]
[Site "Corum"]
[Date "2019.11.03"]
[Round "7"]
[White "Wong Ching Chi"]
[Black "Hairul, Muhd Ilhan Mansiz"]
[Result "0-1"]
[WhiteElo "1879"]
[BlackElo "1832"]
[Annotator "NA"]
[PlyCount "92"]
[EventDate "2019.10.28"]
[EventType "team-tourn"]
[EventCountry "TUR"]
[SourceTitle "playchess.com"]
[Source "ChessBase"]
[SourceQuality "1"]

1. Nf3 d5 2. c4 e6 3. d4 Be7 4. Nc3 Nf6 5. Bf4 O-O 6. e3 c6 7. Bd3 b6 8. O-O Bb7 9. Ne5 Nbd7 10. Qf3 g6 11. Rfd1 Nxe5 12. dxe5 Nd7 13. Bh6 Re8 14. Qg3 Bf8 15. Bg5 Qc7 16. f4 Nc5 17. Bc2 dxc4 18. h4 b5 19. Bf6 b4 20. Ne2 Nd3 21. b3 Nb2 22. Rf1 Ba6 23. Rf2 c3 24. f5 exf5 25. Nf4 Bg7 26. Nh5 Bxf6 27. Nxf6+ Kg7 28. Nxe8+ Rxe8 29. Rxf5 Bd3 30. Rf2 Rxe5 31. Bxd3 Nxd3 32. Re2 f5 33. e4 fxe4 34. Kh2 Qe7 35. Rd1 Nc5 36. Rf1 Rd5 37. Rff2 Rd3 38. Qf4 Qd6 39. Qxd6 Rxd6 40. Rc2 e3 41. Rfe2 Rd2 42. Kg3 Nd3 43. Kf3 Rxc2 44. Rxc2 Ne1+ 45. Kxe3 Nxc2+ 46. Kd3 Na3 0-1

[Event "WY U-16 Chess Olympiad 2019"]
[Site "Corum"]
[Date "2019.11.03"]
[Round "7"]
[White "Prasitsoonthorn, Teerachoti"]
[Black "Anacoglu, Cisel"]
[Result "0-1"]
[WhiteElo "1866"]
[BlackElo "1918"]
[Annotator "NA"]
[PlyCount "92"]
[EventDate "2019.10.28"]
[EventType "team-tourn"]
[EventCountry "TUR"]
[SourceTitle "playchess.com"]
[Source "ChessBase"]
[SourceQuality "1"]

1. d4 d5 2. Bf4 Nf6 3. e3 c5 4. c3 Nc6 5. Bd3 Qb6 6. Qb3 c4 7. Qxb6 axb6 8. Bc2 b5 9. b3 b4 10. Ne2 bxc3 11. Nbxc3 Nb4 12. Kd2 Nxc2 13. Kxc2 Bf5+ 14. Kd2 e6 15. f3 Rc8 16. g4 Bg6 17. h4 h6 18. bxc4 Rxc4 19. a3 Be7 20. Rhc1 Kd7 21. Nb5 Kc6 22. Nec3 Kd7 23. Ne2 Rhc8 24. Rc3 Rxc3 25. Nexc3 Rc6 26. Ra2 Ra6 27. h5 Bh7 28. Rb2 Kc8 29. a4 Nd7 30. Nc7 Nb6 31. Nxa6 Nc4+ 32. Kc1 Ba3 33. Nd1 bxa6 34. Bg3 Bd3 35. Be1 a5 36. Bc3 Be2 37. Kb1 Bxd1 38. Rh2 Bxf3 39. Rf2 Be4+ 40. Ka2 f6 41. Bxa5 Bc1 42. Bc3 Bxe3 43. Rf1 Bd3 44. Re1 f5 45. gxf5 exf5 46. Kb3 f4 0-1

[Event "WY U-16 Chess Olympiad 2019"]
[Site "Corum"]
[Date "2019.11.03"]
[Round "7"]
[White "Hatirli, Ugur Can"]
[Black "Kiripitige, Chathula"]
[Result "1-0"]
[WhiteElo "1852"]
[BlackElo "1665"]
[Annotator "NA"]
[PlyCount "60"]
[EventDate "2019.10.28"]
[EventType "team-tourn"]
[EventCountry "TUR"]
[SourceTitle "playchess.com"]
[Source "ChessBase"]
[SourceQuality "1"]

1. Nf3 Nf6 2. d4 d5 3. g3 e6 4. Bg2 Nbd7 5. O-O Be7 6. c4 c6 7. Qc2 O-O 8. Rd1 Re8 9. Nbd2 b6 10. b3 Bb7 11. Bb2 Rc8 12. Rac1 Bd6 13. e4 dxe4 14. Ng5 c5 15. Ngxe4 Nxe4 16. Nxe4 Bxe4 17. Bxe4 f5 18. Bg2 Qg5 19. dxc5 Bxg3 20. hxg3 Nxc5 21. Qd2 Qg6 22. Qe3 Red8 23. b4 f4 24. Rxd8+ Rxd8 25. Qxf4 Nd3 26. Qd2 Rf8 27. Rf1 h5 28. Qe2 Nf4 29. gxf4 Rxf4 30. Re1 Qe8 1-0